Vocabulaire Japonais #3 - Statistiques

Statistiques générales
  • Ce quiz a été pris 105 fois
  • Le résultat moyen est 24 sur 77
Statistiques - réponses
Hint Réponse % Correct
Monde Sekai
74%
Saumon Sake
68%
Alcool Sake
68%
Œuf Tamago
68%
Main Te
68%
Ami Tomodachi / Yūjin
68%
Pays Kuni
62%
Yeux Me
58%
Amour Ai
55%
Enfant Kodomo
55%
Nom Namae
55%
Riz Kome / Gohan
53%
Viande Niku
53%
Maison Ie / Uchi
50%
Télévision Terebi
50%
Oreilles Mimi
45%
Drôle / Intéressant Omoshiroi / Yukai
45%
Droite Migi
44%
Au dessus Jō / Ue
42%
Petit Chiisai
41%
Un peu Sukoshi / Shōryō / Chotto
41%
Tête Atama
39%
Dents Ha
39%
Gauche Hidari
39%
Samedi Doyōbi
38%
Lunettes Megane
38%
Dedans Naibu / Naka
36%
Pied Ashi
35%
Lundi Getsuyōbi
35%
Bouche Kuchi
35%
Lumière Hikari
33%
Mardi Kayōbi
33%
Avant Mae / Mae ni
33%
Taxi Takushī
33%
Vendredi Kin'yōbi
32%
Grand Ōkī
32%
Légumes Yasai
32%
Triste Kanashī
30%
Fruits Kudamono / Furūtsu
30%
Dimanche Nichiyōbi
30%
Bonbons Okashi / Ame
30%
Mercredi Suiyōbi
30%
Temps (durée) Jikan / Toki
29%
Jeudi Mokuyōbi
29%
Ombre Kage
27%
Après Ato / Nochi
26%
Ventre Hara / Onaka
26%
Bizarre Hen
26%
En dessous Shita / Shita ni
26%
Liberté Jiyū
24%
Détesté Kirai
24%
Blague Jōku / Jōdan
23%
Chambre Heya / Shinshitsu
21%
Ca fait longtemps ! Hisashiburi
21%
Magasin Mise / Sūpā
20%
Normal Futsū
18%
Camion Torakku
15%
Fatigué Tsukarete / Tsukareta
15%
Nouilles Men / Menrui
14%
Royaume Ōkoku
12%
Télécommande Rimōto
12%
Brosse Burashi
9%
Brosse à dents Haburashi
8%
Cruel Zankokuna
8%
Devant Mae ni
6%
Moto Ōtobai
6%
Etrange Okashii
5%
Nom de famille Sei
5%
Aimer Suki da
5%
Derrière Ushiro ni
5%
Dentifrice Hamigakiko
3%
Salon de coiffure Heasaron
3%
Libre (pas occupé) Hima
3%
Coiffure Kamigata
3%
Haineux / Odieux Nikui / Nikurashii
3%
Anormal Ijōna
2%
La haine Nikushimi
2%
Aucun quiz correspondant
Distribution des résultats
% des personnes avec chaque résultat
Percentile par nombre de réponses
Votre historique - résultats
Vous n’avez pas pris ce quiz